000 01551nam a2200313 i 4500
001 19990
003 ES-MaACL
005 20250809011632.0
007 t|
008 021106s1862 sp |||| | spa d
080 _a339.5.012.42
080 _a339.5.012.435
080 _a330.82
245 0 0 _aImpugnación de las doctrinas libre-cambistas profesadas en el Ateneo de Madrid, durante el curso de 1861 a 1862 o sea Colección de los artículos que sobre ellas publicó el diario político El Reino /
_cescritos por G. Morquecho y Palma, F. Rodríguez San Pedro, A. Menéndez de Luarca, L. Arcos Orodea y Un oyente proteccionista.
260 _aMadrid :
_b[s.n.],
_c1862 (
_fImp. de Manuel Tello)
300 _aVII, 216 p. ;
_c22 cm.
610 2 4 _aAteneo de Madrid-
_vConferencias-
_yS.XIX-
_vRepercusión.
_91911
610 2 4 _aAteneo de Madrid-
_vObras digitalizadas.
_91930
650 4 _aLibre cambio-
_zEspaña-
_yS.XIX
_914422
650 4 _aLiberalismo económico-
_zEspaña-
_yS.XIX.
_914399
650 4 _aProteccionismo-
_zEspaña-
_yS.XIX.
_916515
700 1 _aMorquecho y Palma, Genaro.
_983658
700 1 _aRodríguez San Pedro, Faustino.
_998796
700 1 _aMenéndez de Luarca, Alejandro.
_9168578
700 1 _aArcos Orodea, Lorenzo.
_9168577
852 _aES-MaACL
_jT-69-F-1
856 4 _uhttps://www.ateneodemadrid.com/Biblioteca/Novedades/Novedades-Coleccion-Digital/Impugnacion-de-las-doctrinas-libre-cambistas-profesadas-en-el-Ateneo-de-Madrid-durante-el-curso-de-1861-a-1862
_zVer documento
999 _c19990
_d19990